[Event "2. BUNDESLIGA MITTE 2017/2018"]
[Site "St. Valentin, Pinggau/Villach/Taufkirchen, Fuerstenfeld, St. Veit"]
[Date "2017.10.28"]
[Round "2"]
[Board "3"]
[White "Horvath, Peter"]
[Black "Schachinger, Mario"]
[Result "1/2-1/2"]
[WhiteElo "2421"]
[BlackElo "2394"]
[PlyCount "128"]
[EventDate "2017.10.27"]
[EventType "team"]
[EventRounds "11"]
[EventCountry "AUT"]
[WhiteTeam "Leoben"]
[BlackTeam "SC MPOE Maria Saal 2"]

1. d4 Nf6 2. Nf3 g6 3. g3 Bg7 4. Bg2 O-O 5. O-O d6 6. c4 Nc6 7. Nc3 a6 8. b3
Rb8 9. Bb2 b5 10. cxb5 axb5 11. Rc1 b4 12. Na4 Na7 13. Qc2 c6 14. Ne1 Qa5 15.
Nd3 Bf5 16. Rfe1 Rfc8 17. Qd2 Rb5 18. e4 Bd7 19. Rc2 Rcb8 20. Nf4 Nh5 21. d5
Nxf4 22. Qxf4 Bxb2 23. Rxb2 f6 24. h4 c5 25. h5 g5 26. Qc1 Kh8 27. h6 Qd8 28.
e5 fxe5 29. Qxg5 Qf8 30. f4 Qf6 31. Qg7+ Qxg7 32. hxg7+ Kxg7 33. fxe5 R5b7 34.
exd6 exd6 35. Re7+ Kf6 36. Re4 Re8 37. Rf2+ Kg7 38. Ref4 Bc8 39. Bf1 Re1 40.
Kh2 Rbe7 41. Nb6 h5 42. Rf6 Rd1 43. Rxd6 Bb7 44. Bc4 Nc8 45. Nxc8 Bxc8 46. Rdf6
Ree1 47. Bf1 Rxd5 48. Rf7+ Kg6 49. Rf8 Bf5 50. Rg8+ Kf6 51. Bc4 Rde5 52. Bd3
Ke6 53. Rxf5 R5e2+ 54. Bxe2 Rxe2+ 55. Kh3 Kxf5 56. Rh8 Kg5 57. Rg8+ Kf6 58. Rh8
Rxa2 59. Rxh5 Rc2 60. g4 Rc1 61. Kg3 Ke6 62. Kf4 c4 63. bxc4 Rxc4+ 64. Ke3 Rxg4
 1/2-1/2

[Event "2. BUNDESLIGA MITTE 2017/2018"]
[Site "St. Valentin, Pinggau/Villach/Taufkirchen, Fuerstenfeld, St. Veit"]
[Date "2017.10.28"]
[Round "2"]
[Board "4"]
[White "Handler, Lukas"]
[Black "Sandner, Wolfgang"]
[Result "1/2-1/2"]
[WhiteElo "2392"]
[BlackElo "2259"]
[PlyCount "142"]
[EventDate "2017.10.27"]
[EventType "team"]
[EventRounds "11"]
[EventCountry "AUT"]
[WhiteTeam "SC MPOE Maria Saal 2"]
[BlackTeam "Leoben"]

1. c4 Nf6 2. g3 g6 3. Bg2 Bg7 4. Nc3 d6 5. e4 c5 6. Nge2 Nc6 7. d3 Bd7 8. O-O
Qc8 9. f4 h5 10. h4 Bg4 11. Be3 Nd7 12. Qd2 Nd4 13. Kh2 Nb8 14. Ng1 Nbc6 15.
Nh3 Qd7 16. Rae1 O-O-O 17. Nb5 Kb8 18. a3 Nb3 19. Qc2 Ncd4 20. Nxd4 Nxd4 21.
Qd2 Nb3 22. Qc2 Nd4 23. Bxd4 Bxd4 24. b4 f6 25. bxc5 dxc5 26. e5 Bf5 27. Rb1 b6
28. Qe2 Kc7 29. Qf3 Rb8 30. exf6 exf6 31. Nf2 Rhe8 32. Rfe1 Re6 33. Rxe6 Qxe6
34. Ne4 Bg4 35. Qf1 Bf5 36. Qd1 Qd7 37. Bh1 Re8 38. Qf1 Kd8 39. Re1 Bg4 40. Qg2
Re6 41. Qf1 Qe7 42. Rb1 f5 43. Ng5 Re2+ 44. Bg2 Qe3 45. a4 Bf6 46. Qg1 Qd2 47.
d4 Bxd4 48. Qf1 Rf2 49. Qh1 Kc8 50. Nh3 Re2 51. Qf1 Bf2 52. Rd1 Qe3 53. Nxf2
Rxf2 54. Rd3 Qe2 55. Qxe2 Rxe2 56. Kg1 Rc2 57. Bc6 Rxc4 58. Rd6 Rc3 59. Kf2 c4
60. Rxg6 Ra3 61. Bb5 Rf3+ 62. Kg2 c3 63. Ba6+ Kc7 64. Rg8 Kd6 65. Rc8 Re3 66.
Bb5 Kd5 67. Kf2 Rf3+ 68. Kg2 Kd4 69. Rc7 Re3 70. Kf2 Re4 71. Rc8 Re7  1/2-1/2

[Event "2. BUNDESLIGA MITTE 2017/2018"]
[Site "St. Valentin, Pinggau/Villach/Taufkirchen, Fuerstenfeld, St. Veit"]
[Date "2017.10.28"]
[Round "2"]
[Board "5"]
[White "Bachler, Reinhard"]
[Black "Halvax, Georg"]
[Result "0-1"]
[WhiteElo "2179"]
[BlackElo "2434"]
[PlyCount "72"]
[EventDate "2017.10.27"]
[EventType "team"]
[EventRounds "11"]
[EventCountry "AUT"]
[WhiteTeam "Leoben"]
[BlackTeam "SC MPOE Maria Saal 2"]

1. f4 b6 2. Nf3 Bb7 3. e3 e6 4. Be2 Nf6 5. b3 Be7 6. O-O c5 7. Bb2 O-O 8. Ne5
d6 9. Bf3 Ne4 10. Ng4 f5 11. d3 fxg4 12. Bxe4 d5 13. Qxg4 Bf6 14. Bxh7+ Kxh7
15. Qh3+ Kg8 16. Qxe6+ Rf7 17. Bxf6 Qxf6 18. Qxf6 Rxf6 19. Nd2 Nc6 20. a3 Re8
21. Rf3 Rfe6 22. Kf2 c4 23. bxc4 dxc4 24. f5 Rh6 25. Nxc4 b5 26. f6 Nd8 27. Nd6
Bxf3 28. Nxe8 Bc6 29. Nc7 Rxh2 30. e4 gxf6 31. Rb1 Rh5 32. c4 bxc4 33. Rb8 c3
34. Rxd8+ Kf7 35. Rd6 Ba4 36. Rd4 c2  0-1

[Event "2. BUNDESLIGA MITTE 2017/2018"]
[Site "St. Valentin, Pinggau/Villach/Taufkirchen, Fuerstenfeld, St. Veit"]
[Date "2017.10.28"]
[Round "2"]
[Board "6"]
[White "Rieger, Robert"]
[Black "Sachsenhofer, Michael"]
[Result "1-0"]
[WhiteElo "2296"]
[BlackElo "2125"]
[PlyCount "51"]
[EventDate "2017.10.27"]
[EventType "team"]
[EventRounds "11"]
[EventCountry "AUT"]
[WhiteTeam "SC MPOE Maria Saal 2"]
[BlackTeam "Leoben"]

1. e4 e5 2. Nf3 Nc6 3. d4 exd4 4. Nxd4 Qh4 5. Nc3 Bb4 6. Be2 Qxe4 7. Ndb5 Bxc3+
8. bxc3 Kd8 9. O-O Nge7 10. Ba3 h5 11. Re1 Rh6 12. Bd3 Qh4 13. Re4 Qf6 14. Bc1
d5 15. Ra4 g5 16. h4 gxh4 17. Bxh6 Qxh6 18. Rxh4 Be6 19. Qxh5 Qxh5 20. Rxh5 Kd7
21. f4 Bg4 22. Rh7 a6 23. Nd4 Nxd4 24. cxd4 Rg8 25. Rxf7 Bf3 26. Kf2  1-0

[Event "2. BUNDESLIGA MITTE 2017/2018"]
[Site "St. Valentin, Pinggau/Villach/Taufkirchen, Fuerstenfeld, St. Veit"]
[Date "2017.10.28"]
[Round "2"]
[Board "1"]
[White "Schnider, Gert"]
[Black "Velicka, Petr"]
[Result "1/2-1/2"]
[WhiteElo "2412"]
[BlackElo "2412"]
[PlyCount "65"]
[EventDate "2017.10.27"]
[EventType "team"]
[EventRounds "11"]
[EventCountry "AUT"]
[WhiteTeam "Schachfreunde Graz"]
[BlackTeam "SV Steyregg"]

1. e4 e5 2. Nf3 Nc6 3. Bb5 Nf6 4. O-O Nxe4 5. d4 Nd6 6. Ba4 e4 7. Re1 Be7 8.
Ne5 O-O 9. Nc3 Bg5 10. Nxe4 Nxe4 11. Rxe4 Bxc1 12. Rxc1 Ne7 13. Qh5 d6 14. Nf3
h6 15. Bb3 d5 16. Ree1 c6 17. c3 Ng6 18. Bc2 Qf6 19. Ne5 Nf4 20. Qf3 Be6 21. g3
Nh3+ 22. Kg2 Qxf3+ 23. Nxf3 Ng5 24. Nxg5 hxg5 25. Re5 g4 26. Rce1 Rad8 27. Bf5
Bxf5 28. Rxf5 Rfe8 29. Rfe5 Rxe5 30. Rxe5 Kf8 31. f3 gxf3+ 32. Kxf3 Rd6 33. Kf4
 1/2-1/2

[Event "2. BUNDESLIGA MITTE 2017/2018"]
[Site "St. Valentin, Pinggau/Villach/Taufkirchen, Fuerstenfeld, St. Veit"]
[Date "2017.10.28"]
[Round "2"]
[Board "2"]
[White "Szotkowski, Jakub"]
[Black "Huber, Martin Christian"]
[Result "1-0"]
[WhiteElo "2342"]
[BlackElo "2365"]
[PlyCount "129"]
[EventDate "2017.10.27"]
[EventType "team"]
[EventRounds "11"]
[EventCountry "AUT"]
[WhiteTeam "SV Steyregg"]
[BlackTeam "Schachfreunde Graz"]

1. d4 Nf6 2. c4 e6 3. g3 d5 4. Bg2 dxc4 5. Nf3 a6 6. O-O Nc6 7. e3 Bd7 8. Nbd2
b5 9. Ne5 Nd5 10. Nxd7 Qxd7 11. e4 Ndb4 12. Nf3 Nd3 13. b3 Bb4 14. bxc4 bxc4
15. Qc2 Nxd4 16. Nxd4 Qxd4 17. Be3 Qc3 18. Qa4+ Ke7 19. e5 Qxe5 20. Bxa8 Rxa8
21. Qc6 Qd5 22. Qxc7+ Ke8 23. Rfd1 Ba5 24. Bb6 Bc3 25. Rxd3 Qxd3 26. Qc6+ Ke7
27. Rc1 Bb2 28. Re1 Qd2 29. Bc5+ Kf6 30. Qf3+ Kg6 31. Rd1 Qc2 32. Rd7 Qf5 33.
Qxa8 Qxc5 34. Qe4+ Qf5 35. Qxc4 h5 36. Qd3 Qxd3 37. Rxd3 a5 38. a4 Be5 39. f4
Bf6 40. Kf2 Kf5 41. Rd7 Ke4 42. Ke2 h4 43. Rxf7 hxg3 44. hxg3 e5 45. Rc7 exf4
46. Rc4+ Kd5 47. Rxf4 Be5 48. Rg4 Ke6 49. Kf3 Kf5 50. Rc4 Bd6 51. Rc6 Bb4 52.
g4+ Kg5 53. Rb6 Bc3 54. Rb5+ Kf6 55. g5+ Ke6 56. Ke4 Kf7 57. Rb6 g6 58. Kd5 Bd2
59. Rb7+ Kf8 60. Ra7 Bc3 61. Ke6 Kg8 62. Rc7 Bd4 63. Rc4 Bb6 64. Kf6 Kh7 65.
Rh4+  1-0

[Event "2. BUNDESLIGA MITTE 2017/2018"]
[Site "St. Valentin, Pinggau/Villach/Taufkirchen, Fuerstenfeld, St. Veit"]
[Date "2017.10.28"]
[Round "2"]
[Board "3"]
[White "Kravanja, Georg"]
[Black "Enoeckl, Philipp"]
[Result "1/2-1/2"]
[WhiteElo "2267"]
[BlackElo "2298"]
[PlyCount "85"]
[EventDate "2017.10.27"]
[EventType "team"]
[EventRounds "11"]
[EventCountry "AUT"]
[WhiteTeam "Schachfreunde Graz"]
[BlackTeam "SV Steyregg"]

1. d4 Nf6 2. c4 g6 3. Nc3 Bg7 4. e4 d6 5. Be2 O-O 6. Bg5 Na6 7. Nf3 e5 8. dxe5
dxe5 9. Qxd8 Rxd8 10. Nd5 Rd6 11. Bxf6 Bxf6 12. Rd1 Kg7 13. O-O Rd7 14. Nxf6
Kxf6 15. Rd5 Re7 16. c5 b6 17. Bxa6 Bxa6 18. Rc1 Be2 19. Rc3 Rb8 20. b3 b5 21.
Re3 Bxf3 22. Rxf3+ Ke6 23. b4 f5 24. Ra3 fxe4 25. Rd1 Rd7 26. Ra6+ Ke7 27.
Rxd7+ Kxd7 28. Kf1 c6 29. Rxa7+ Ke6 30. Ke2 Kd5 31. Ke3 h5 32. a3 Rf8 33. Rd7+
Kc4 34. Re7 Rf5 35. Re6 Kb3 36. Rxc6 Kxa3 37. Rxg6 Kxb4 38. Kxe4 Rxf2 39. c6
Ka5 40. Kxe5 Kb6 41. Kd4 Rc2 42. Kd3 Rxc6 43. Rxc6+  1/2-1/2

[Event "2. BUNDESLIGA MITTE 2017/2018"]
[Site "St. Valentin, Pinggau/Villach/Taufkirchen, Fuerstenfeld, St. Veit"]
[Date "2017.10.28"]
[Round "2"]
[Board "4"]
[White "Pierecker, Markus"]
[Black "Domarkaite, Laima"]
[Result "1/2-1/2"]
[WhiteElo "2204"]
[BlackElo "2129"]
[PlyCount "136"]
[EventDate "2017.10.27"]
[EventType "team"]
[EventRounds "11"]
[EventCountry "AUT"]
[WhiteTeam "SV Steyregg"]
[BlackTeam "Schachfreunde Graz"]

1. e4 c5 2. Nf3 d6 3. d4 cxd4 4. Nxd4 Nf6 5. Nc3 a6 6. Bg5 e6 7. f4 h6 8. Bh4
Qb6 9. Qd2 Qxb2 10. Rb1 Qa3 11. Be2 Be7 12. O-O Nc6 13. Bf2 Nd7 14. e5 dxe5 15.
Nxe6 Qd6 16. Nxg7+ Kf8 17. Qxd6 Bxd6 18. Nf5 Bc5 19. fxe5 Bxf2+ 20. Rxf2 Ndxe5
21. Bh5 b5 22. a4 b4 23. Nd5 Bxf5 24. Rxf5 a5 25. Rbf1 Rh7 26. Be2 Rd8 27. Ne3
Rg7 28. Nc4 Nxc4 29. Bxc4 Rd7 30. Bb5 Rd6 31. Rc5 Nd8 32. Bc4 Rg5 33. Rxg5 hxg5
34. Rf5 Rd1+ 35. Bf1 Rc1 36. Rxa5 Rxc2 37. Rb5 Nc6 38. Bd3 Rb2 39. a5 Ra2 40.
Be4 Nxa5 41. Rxb4 Ke7 42. Rb5 Nc4 43. Rxg5 Nd6 44. Bf3 Kf6 45. Rc5 Nf5 46. h3
Nd4 47. Bg4 Rc2 48. Rd5 Nc6 49. Rf5+ Kg6 50. h4 Rc4 51. h5+ Kg7 52. Bf3 Nd4 53.
Rxf7+ Kxf7 54. Bd5+ Kf6 55. Bxc4 Kg5 56. Bf7 Nc6 57. Kf2 Ne5 58. Be8 Ng4+ 59.
Kf3 Nh6 60. Bg6 Ng4 61. Ke4 Nh6 62. Ke5 Ng4+ 63. Ke6 Nf6 64. Bf7 Ng4 65. Ke7
Kh6 66. Be8 Ne3 67. Bc6 Nxg2 68. Bxg2 Kxh5  1/2-1/2

[Event "2. BUNDESLIGA MITTE 2017/2018"]
[Site "St. Valentin, Pinggau/Villach/Taufkirchen, Fuerstenfeld, St. Veit"]
[Date "2017.10.28"]
[Round "2"]
[Board "5"]
[White "Eder, Matthias"]
[Black "Wiesinger, Robert"]
[Result "0-1"]
[WhiteElo "2161"]
[BlackElo "2201"]
[PlyCount "76"]
[EventDate "2017.10.27"]
[EventType "team"]
[EventRounds "11"]
[EventCountry "AUT"]
[WhiteTeam "Schachfreunde Graz"]
[BlackTeam "SV Steyregg"]

1. e4 e5 2. Nf3 Nc6 3. d4 exd4 4. Nxd4 Nf6 5. Bb5 Nxe4 6. O-O Nxd4 7. Qxd4 Nc5
8. Re1+ Ne6 9. Nd2 Be7 10. Rxe6 fxe6 11. Qxg7 Bf6 12. Qh6 Qe7 13. Ne4 Bg7 14.
Qh5+ Qf7 15. Qh4 h6 16. Be2 Qe7 17. Qh5+ Kd8 18. Bf4 d5 19. Bg3 dxe4 20. Rd1+
Bd7 21. Bb5 c6 22. Bd6 Qf6 23. Ba4 Kc8 24. Qa5 Qd8 25. Qd2 e5 26. b4 Qg5 27.
Qc3 Qg4 28. Rb1 Bf8 29. Bxe5 Bg7 30. b5 Bxe5 31. Qxe5 Rg8 32. g3 cxb5 33. Bxb5
Re8 34. Qc5+ Kd8 35. Qd4 Rc8 36. Rd1 Rc7 37. f3 Qf5 38. Qxa7 Qxb5  0-1

[Event "2. BUNDESLIGA MITTE 2017/2018"]
[Site "St. Valentin, Pinggau/Villach/Taufkirchen, Fuerstenfeld, St. Veit"]
[Date "2017.10.28"]
[Round "2"]
[Board "6"]
[White "Meyer, Gordon"]
[Black "Prato, Simon"]
[Result "1-0"]
[WhiteElo "2182"]
[BlackElo "2000"]
[PlyCount "71"]
[EventDate "2017.10.27"]
[EventType "team"]
[EventRounds "11"]
[EventCountry "AUT"]
[WhiteTeam "SV Steyregg"]
[BlackTeam "Schachfreunde Graz"]

1. e4 e6 2. d4 d5 3. Nd2 c5 4. exd5 Qxd5 5. Ngf3 cxd4 6. Bc4 Qd7 7. O-O Nc6 8.
Nb3 Nf6 9. Nbxd4 Nxd4 10. Nxd4 a6 11. a4 Bc5 12. Be3 O-O 13. Re1 Qc7 14. Bd3 e5
15. Nb3 Bd6 16. h3 e4 17. Bf1 Rd8 18. Bd4 Be6 19. Qe2 Be5 20. Qe3 Rd5 21. Bxe5
Rxe5 22. Nd4 Bd7 23. c4 a5 24. b3 Bc6 25. Nb5 Bxb5 26. axb5 Rae8 27. b4 axb4
28. Ra7 Nd7 29. Rb1 f5 30. Rxb4 R5e6 31. c5 f4 32. Qe1 Nxc5 33. Bc4 Nd3 34.
Qxe4 Kf8 35. Qxe6 Qb8 36. Rba4  1-0

[Event "2. BUNDESLIGA MITTE 2017/2018"]
[Site "St. Valentin, Pinggau/Villach/Taufkirchen, Fuerstenfeld, St. Veit"]
[Date "2017.10.29"]
[Round "3"]
[Board "1"]
[White "Buhmann, Rainer"]
[Black "Gonda, Laszlo"]
[Result "1/2-1/2"]
[WhiteElo "2589"]
[BlackElo "2510"]
[PlyCount "38"]
[EventDate "2017.10.27"]
[EventType "team"]
[EventRounds "11"]
[EventCountry "AUT"]
[WhiteTeam "SC MPOE Maria Saal 2"]
[BlackTeam "ASK St. Valentin"]

1. d4 Nf6 2. c4 e6 3. Nf3 b6 4. g3 Bb7 5. Bg2 Bb4+ 6. Bd2 a5 7. O-O O-O 8. Bf4
Be7 9. Qc2 Na6 10. Nc3 d5 11. cxd5 Nb4 12. Qc1 Nbxd5 13. Nxd5 Nxd5 14. Bg5 Bxg5
15. Nxg5 Ba6 16. Re1 c5 17. Bxd5 exd5 18. Nf3 Re8 19. e3 Bd3 {Rest unleserlich.
Remis im 46. Zug.}  1/2-1/2

[Event "2. BUNDESLIGA MITTE 2017/2018"]
[Site "St. Valentin, Pinggau/Villach/Taufkirchen, Fuerstenfeld, St. Veit"]
[Date "2017.10.29"]
[Round "3"]
[Board "2"]
[White "Sandhoefner, Florian"]
[Black "Kreisl, Robert"]
[Result "0-1"]
[WhiteElo "2313"]
[BlackElo "2406"]
[PlyCount "38"]
[EventDate "2017.10.27"]
[EventType "team"]
[EventRounds "11"]
[EventCountry "AUT"]
[WhiteTeam "ASK St. Valentin"]
[BlackTeam "SC MPOE Maria Saal 2"]

1. d4 Nf6 2. c4 e6 3. Nc3 Bb4 4. Qc2 Nc6 5. Nf3 d6 6. a3 Bxc3+ 7. Qxc3 O-O 8.
b4 e5 9. Bb2 Re8 10. e3 Ne4 11. Qc2 exd4 12. Nxd4 Nxd4 13. Bxd4 Qh4 14. Bb2 Bf5
15. g3 Qh6 16. Qb3 a5 17. bxa5 Nc5 18. Qc3 Be4 19. Rg1 Na4  0-1

[Event "2. BUNDESLIGA MITTE 2017/2018"]
[Site "St. Valentin, Pinggau/Villach/Taufkirchen, Fuerstenfeld, St. Veit"]
[Date "2017.10.29"]
[Round "3"]
[Board "3"]
[White "Schachinger, Mario"]
[Black "Hajnal, Zoltan"]
[Result "0-1"]
[WhiteElo "2394"]
[BlackElo "2390"]
[PlyCount "78"]
[EventDate "2017.10.27"]
[EventType "team"]
[EventRounds "11"]
[EventCountry "AUT"]
[WhiteTeam "SC MPOE Maria Saal 2"]
[BlackTeam "ASK St. Valentin"]

1. d4 d5 2. c4 c6 3. Nf3 Nf6 4. Qb3 dxc4 5. Qxc4 Bf5 6. g3 e6 7. Bg2 Nbd7 8.
O-O Be7 9. e3 O-O 10. Qe2 h6 11. b3 Rc8 12. Bb2 Ne4 13. Nfd2 Nxd2 14. Nxd2 Bh7
15. Rac1 Re8 16. Rfd1 Qb6 17. Ne4 Red8 18. Nc3 Qb4 19. h3 Nb6 20. Ne4 a5 21.
Bc3 Qa3 22. Nc5 Bxc5 23. dxc5 Rxd1+ 24. Qxd1 Nd5 25. Qd2 Nxc3 26. Rxc3 Rf8 27.
e4 a4 28. Qc2 axb3 29. Rxb3 Qa4 30. Qd2 Qc4 31. Rxb7 Qxc5 32. a4 Bg6 33. Rd7
Kh7 34. Qd4 Qc1+ 35. Kh2 Rb8 36. f4 Rb2 37. f5 Bh5 38. Qd3 Be2 39. Qa3 Bf1  0-1

[Event "2. BUNDESLIGA MITTE 2017/2018"]
[Site "St. Valentin, Pinggau/Villach/Taufkirchen, Fuerstenfeld, St. Veit"]
[Date "2017.10.29"]
[Round "3"]
[Board "4"]
[White "Heimberger, Reinhard"]
[Black "Handler, Lukas"]
[Result "0-1"]
[WhiteElo "2261"]
[BlackElo "2392"]
[PlyCount "88"]
[EventDate "2017.10.27"]
[EventType "team"]
[EventRounds "11"]
[EventCountry "AUT"]
[WhiteTeam "ASK St. Valentin"]
[BlackTeam "SC MPOE Maria Saal 2"]

1. d4 Nf6 2. Nf3 d5 3. g3 c6 4. Bg2 Bg4 5. O-O e6 6. b3 Bd6 7. Bb2 Nbd7 8. c4
O-O 9. Nbd2 Qe7 10. Ne5 Bh5 11. Ndf3 Ba3 12. Qc1 Bxb2 13. Qxb2 Rac8 14. c5 Bxf3
15. Nxf3 e5 16. dxe5 Ng4 17. Bh3 h5 18. Qd4 Qxc5 19. Qf4 Rce8 20. Bxg4 hxg4 21.
Qxg4 Nxe5 22. Nxe5 Rxe5 23. e3 Rfe8 24. Rac1 Qa3 25. Rc2 R8e6 26. Qd4 Re4 27.
Qc5 Qxc5 28. Rxc5 Kf8 29. Rd1 Ke7 30. Kg2 Kd6 31. Rc3 a5 32. a3 c5 33. Rcd3
R4e5 34. f4 Rxe3 35. Rxd5+ Kc6 36. f5 Re2+ 37. Kh3 Rh6+ 38. Kg4 Rexh2 39. Rd7
Rf6 40. Kg5 Rb2 41. R7d3 Rf2 42. g4 Rh6 43. f6 Rfxf6 44. Rd8 Rf3  0-1

[Event "2. BUNDESLIGA MITTE 2017/2018"]
[Site "St. Valentin, Pinggau/Villach/Taufkirchen, Fuerstenfeld, St. Veit"]
[Date "2017.10.29"]
[Round "3"]
[Board "5"]
[White "Halvax, Georg"]
[Black "Theuretzbacher, Klaus"]
[Result "1-0"]
[WhiteElo "2434"]
[BlackElo "2208"]
[PlyCount "85"]
[EventDate "2017.10.27"]
[EventType "team"]
[EventRounds "11"]
[EventCountry "AUT"]
[WhiteTeam "SC MPOE Maria Saal 2"]
[BlackTeam "ASK St. Valentin"]

1. e4 d5 2. exd5 Qxd5 3. Nc3 Qd8 4. Bc4 Nf6 5. Nf3 c6 6. d4 Bf5 7. Ne5 e6 8. g4
Bg6 9. h4 Be4 10. Nxe4 Nxe4 11. c3 Nd6 12. Bd3 Nd7 13. Qc2 Be7 14. Bf4 Bxh4 15.
Nxc6 bxc6 16. Bxd6 Nb6 17. Be5 Bf6 18. Bg3 Nd5 19. O-O-O Bg5+ 20. Kb1 Bf4 21.
c4 Ne3 22. fxe3 Bxg3 23. Bxh7 Qc7 24. Be4 Rxh1 25. Rxh1 O-O-O 26. Qa4 c5 27.
Qa6+ Kd7 28. Qb5+ Ke7 29. Rh7 Rb8 30. Qxc5+ Qxc5 31. dxc5 Be5 32. b3 a5 33. Kc2
Rc8 34. c6 Kd6 35. Rh5 f6 36. Rh7 f5 37. gxf5 exf5 38. Bd5 Rf8 39. Rh5 Rf6 40.
a3 Rh6 41. Rxf5 Rh2+ 42. Kd3 Rb2 43. Rxe5  1-0

[Event "2. BUNDESLIGA MITTE 2017/2018"]
[Site "St. Valentin, Pinggau/Villach/Taufkirchen, Fuerstenfeld, St. Veit"]
[Date "2017.10.29"]
[Round "3"]
[Board "6"]
[White "Eder, Andreas"]
[Black "Rieger, Robert"]
[Result "1/2-1/2"]
[WhiteElo "2119"]
[BlackElo "2296"]
[PlyCount "60"]
[EventDate "2017.10.27"]
[EventType "team"]
[EventRounds "11"]
[EventCountry "AUT"]
[WhiteTeam "ASK St. Valentin"]
[BlackTeam "SC MPOE Maria Saal 2"]

1. d4 Nf6 2. Bf4 g6 3. e3 Bg7 4. Nf3 d6 5. Be2 O-O 6. O-O b6 7. h3 Bb7 8. Nbd2
Nbd7 9. c3 c5 10. Bh2 a6 11. a4 Ra7 12. Qb3 Qa8 13. Rfc1 Rb8 14. Qd1 b5 15.
axb5 axb5 16. Qf1 Bc6 17. dxc5 Nxc5 18. Nd4 Rxa1 19. Rxa1 Qb7 20. Ra7 Qb6 21.
Nxc6 Qxc6 22. Qa1 e5 23. Qa2 Qd5 24. Qxd5 Nxd5 25. c4 bxc4 26. Nxc4 Bf8 27. g4
h6 28. Bg3 Nb6 29. Nxb6 Rxb6 30. Bc4 Ne6  1/2-1/2

[Event "2. BUNDESLIGA MITTE 2017/2018"]
[Site "St. Valentin, Pinggau/Villach/Taufkirchen, Fuerstenfeld, St. Veit"]
[Date "2017.10.29"]
[Round "3"]
[Board "2"]
[White "Szotkowski, Jakub"]
[Black "Singer, Hans"]
[Result "1-0"]
[WhiteElo "2342"]
[BlackElo "2175"]
[PlyCount "55"]
[EventDate "2017.10.27"]
[EventType "team"]
[EventRounds "11"]
[EventCountry "AUT"]
[WhiteTeam "SV Steyregg"]
[BlackTeam "SC DieKlagenfurter"]

1. d4 d5 2. c4 e6 3. Nf3 Nf6 4. g3 c5 5. cxd5 exd5 6. Bg2 Nc6 7. Nc3 Be6 8. O-O
h6 9. Be3 c4 10. Ne5 Bb4 11. Qa4 Qa5 12. Qxa5 Bxa5 13. Na4 Ke7 14. Nc5 Bb6 15.
Nxe6 Kxe6 16. Nxc6 bxc6 17. f3 Ne8 18. Bf2 f5 19. e4 Nd6 20. exd5+ Kxd5 21.
Rfd1 Rae8 22. Bf1 f4 23. Rac1 Rhf8 24. g4 Re6 25. b3 cxb3 26. Rc5+ Bxc5 27.
dxc5+ Ke5 28. Bd4+  1-0

[Event "2. BUNDESLIGA MITTE 2017/2018"]
[Site "St. Valentin, Pinggau/Villach/Taufkirchen, Fuerstenfeld, St. Veit"]
[Date "2017.10.29"]
[Round "3"]
[Board "3"]
[White "Genser, Harald"]
[Black "Enoeckl, Philipp"]
[Result "1/2-1/2"]
[WhiteElo "2296"]
[BlackElo "2298"]
[PlyCount "60"]
[EventDate "2017.10.27"]
[EventType "team"]
[EventRounds "11"]
[EventCountry "AUT"]
[WhiteTeam "SC DieKlagenfurter"]
[BlackTeam "SV Steyregg"]

1. d4 Nf6 2. Nf3 g6 3. c4 Bg7 4. e3 d6 5. Nc3 Bf5 6. Qb3 b6 7. h3 O-O 8. g3 Nc6
9. Nh4 Bd7 10. d5 Na5 11. Qd1 c5 12. Bd2 a6 13. a4 e6 14. b3 exd5 15. cxd5 b5
16. Bg2 b4 17. Ne2 g5 18. Nf3 Nxd5 19. Rc1 Bc6 20. O-O h6 21. g4 Ne7 22. Ng3 f5
23. Nh5 fxg4 24. hxg4 Qd7 25. Ne1 Ng6 26. f4 Rae8 27. Bxb4 Bxg2 28. Nxg2 cxb4
29. Qd5+ Kh7 30. Nxg7 Qxg7  1/2-1/2

[Event "2. BUNDESLIGA MITTE 2017/2018"]
[Site "St. Valentin, Pinggau/Villach/Taufkirchen, Fuerstenfeld, St. Veit"]
[Date "2017.10.29"]
[Round "3"]
[Board "4"]
[White "Pierecker, Markus"]
[Black "Petschar, Kurt"]
[Result "1/2-1/2"]
[WhiteElo "2204"]
[BlackElo "2269"]
[PlyCount "64"]
[EventDate "2017.10.27"]
[EventType "team"]
[EventRounds "11"]
[EventCountry "AUT"]
[WhiteTeam "SV Steyregg"]
[BlackTeam "SC DieKlagenfurter"]

1. d4 d5 2. Bf4 Nf6 3. e3 e6 4. Nd2 c5 5. c3 Nc6 6. Ngf3 Bd6 7. Bg3 O-O 8. Bd3
h6 9. O-O Bxg3 10. hxg3 Qd6 11. Qe2 e5 12. dxc5 Qxc5 13. e4 Bg4 14. exd5 Qxd5
15. Ne4 Nxe4 16. Qxe4 Qxe4 17. Bxe4 Rfe8 18. Rfe1 f6 19. Bd5+ Kf8 20. Re4 h5
21. Rc4 Rac8 22. Nh2 Be6 23. Bxe6 Rxe6 24. Rd1 Ree8 25. Rc5 Red8 26. Rcd5 Rxd5
27. Rxd5 Ke7 28. g4 h4 29. Nf3 g5 30. Nd2 Ke6 31. Rd3 b6 32. Ne4 Rd8  1/2-1/2

[Event "2. BUNDESLIGA MITTE 2017/2018"]
[Site "St. Valentin, Pinggau/Villach/Taufkirchen, Fuerstenfeld, St. Veit"]
[Date "2017.10.29"]
[Round "3"]
[Board "5"]
[White "Titz, Heimo"]
[Black "Wiesinger, Robert"]
[Result "1/2-1/2"]
[WhiteElo "2137"]
[BlackElo "2201"]
[PlyCount "116"]
[EventDate "2017.10.27"]
[EventType "team"]
[EventRounds "11"]
[EventCountry "AUT"]
[WhiteTeam "SC DieKlagenfurter"]
[BlackTeam "SV Steyregg"]

1. c4 e5 2. g3 c6 3. d4 e4 4. Bg2 d5 5. Nc3 Nf6 6. Bg5 Nbd7 7. cxd5 cxd5 8. e3
Bd6 9. Nge2 O-O 10. O-O h6 11. Bxf6 Nxf6 12. Qb3 Be6 13. Nf4 Bxf4 14. exf4 Rb8
15. Nd1 Ne8 16. Ne3 f5 17. f3 Nf6 18. fxe4 fxe4 19. Rac1 Qd6 20. Rc2 Bd7 21. a3
Kh8 22. Qb4 Qxb4 23. axb4 Rbc8 24. Rfc1 Rxc2 25. Rxc2 Rc8 26. Rxc8+ Bxc8 27. h3
h5 28. Bf1 g6 29. Kg2 Kg7 30. Be2 Kf7 31. g4 hxg4 32. hxg4 Ke6 33. g5 Nd7 34.
Bg4+ Kd6 35. Kg3 Nb6 36. Bxc8 Nxc8 37. f5 gxf5 38. Nxf5+ Ke6 39. Ng7+ Kf7 40.
Nh5 Ne7 41. Nf4 Nf5+ 42. Kg4 Nxd4 43. Nxd5 Kg6 44. Nf4+ Kg7 45. Nd5 Kg6 46. Kf4
Ne6+ 47. Kxe4 Nxg5+ 48. Ke5 Nf3+ 49. Kd6 Ne1 50. b5 Nd3 51. b4 Kf5 52. Ne7+ Kf6
53. Nc6 Kf7 54. Nxa7 Nxb4 55. Kc5 Na2 56. Nc8 Nc3 57. Nd6+ Kf8 58. Kb6 Nxb5
 1/2-1/2

[Event "2. BUNDESLIGA MITTE 2017/2018"]
[Site "St. Valentin, Pinggau/Villach/Taufkirchen, Fuerstenfeld, St. Veit"]
[Date "2017.10.29"]
[Round "3"]
[Board "1"]
[White "Schmidt, Peter"]
[Black "Schnider, Gert"]
[Result "1/2-1/2"]
[WhiteElo "2392"]
[BlackElo "2412"]
[PlyCount "40"]
[EventDate "2017.10.27"]
[EventType "team"]
[EventRounds "11"]
[EventCountry "AUT"]
[WhiteTeam "SPG Sauwald"]
[BlackTeam "Schachfreunde Graz"]

1. d4 Nf6 2. Bg5 d5 3. Bxf6 gxf6 4. e3 c5 5. Nd2 Nc6 6. dxc5 Qa5 7. Ngf3 Bg7 8.
c4 Qxc5 9. cxd5 Qxd5 10. Bc4 Qa5 11. O-O O-O 12. Qb3 Rb8 13. Rac1 Qh5 14. Be2
Bd7 15. Ne4 Qg6 16. Nc5 Bh3 17. Ne1 Bf5 18. Nf3 Bh3 19. Ne1 Bf5 20. Nf3 Bh3
 1/2-1/2